000 00475nam a2200169Ia 4500
008 241217s9999||||xx |||||||||||||| ||und||
020 _a131855395
_c0
040 _beng
_cSSK Library
_erda
082 _a621.3815/HOR
100 _a Mark N. Horenstein
245 0 _aMicroelectronic Circuits And Devices
250 _a2nd ed
260 _b Prentice-Hall International, Inc.
_c©1996
942 _2Dewey Decimal Classification
_cBOOK
_nNo
999 _c24083
_d24083
003 OSt
005 20241217112918.0